书目信息 |
| 题名: |
工程流体力学习题集
|
|
| 作者: | 汪兴华 著 | |
| 分册: | ||
| 出版信息: | 北京 机械工业出版社 1983 |
|
| 页数: | 291页 | |
| 开本: | 19cm | |
| 丛书名: | ||
| 单 册: | ||
| 中图分类: | TB126-44 | |
| 科图分类: | ||
| 主题词: | 工程力学:流体力学--习题 , 流体力学:工程力学--习题 | |
| 电子资源: | ||
| ISBN: | ||
| 000 | 00667nam0 2200241 45 | |
| 001 | 0183001585 | |
| 005 | 20060818163211.67 | |
| 010 | @dCNY1.00 | |
| 091 | @a15033.5150 | |
| 100 | @a19950301d1983 em y0chiy0121 ea | |
| 101 | 0 | @achi |
| 102 | @aCN@b110000 | |
| 105 | @ay q 000yy | |
| 200 | 10 | @a工程流体力学习题集@Agong cheng liu ti li xue xi ti ji@f汪兴华编 |
| 210 | @a北京@c机械工业出版社@d1983 | |
| 215 | @a291页@d19cm | |
| 606 | @a工程力学:流体力学@x习题 | |
| 606 | @a流体力学:工程力学@x习题 | |
| 690 | @aTB126-44@v3 | |
| 701 | 0 | @a汪兴华@Awang xing hua@4著 |
| 801 | 0 | @aCN@bTSSF@c20060818 |
| 801 | 2 | @aCN@bNLC@c20060814 |
| 905 | @a10447@dTB126-44@e115 | |
| 工程流体力学习题集/汪兴华编.-北京:机械工业出版社,1983 |
| 291页;19cm |
| ISBN :CNY1.00 |
| ● |
| 相关链接 |
|
|
|
|
正题名:工程流体力学习题集
索取号:TB126-44/115
 
预约/预借
| 序号 | 登录号 | 条形码 | 馆藏地/架位号 | 状态 | 备注 |
| 1 | 0458296 | 204582969 | 密集书库/ [索取号:TB126-44/115] | 在馆 | |
| 2 | 0458831 | 204588311 | 密集书库/ [索取号:TB126-44/115] | 在馆 | |
| 3 | 0458903 | 204589034 | 密集书库/ [索取号:TB126-44/115] | 在馆 | |
| 4 | 0458907 | 204589070 | 密集书库/ [索取号:TB126-44/115] | 在馆 |